000 00308nam a2200133Ia 4500
008 150201s2014 xx 000 0 und d
082 _a615
_bD2014S
100 _aSHARMA ,H.L
245 _aDENTAL PHARMACOLOGY
250 _a2ND
260 _bPARAS PUBLICATION
650 _aPHARMACOLOGY
942 _2ddc
_cBK
_02
999 _c4898
_d4898